Daily Capital City Riddle #134 - Statistics

General Stats
  • This quiz has been taken 39 times
  • The average score is 27 of 35
Answer Stats
Type Answer % Correct
Found Letter A
97%
Alphabet Letter E
94%
Found Letter I
94%
Alphabet Letter N
94%
Found Letter O
94%
Found Letter T
94%
Alphabet Letter B
91%
Alphabet Letter D
91%
Alphabet Letter H
91%
Found Letter R
91%
Alphabet Letter S
91%
Found Letter C
88%
Alphabet Letter L
88%
Alphabet Letter M
84%
Alphabet Letter U
84%
Alphabet Letter G
81%
Alphabet Letter K
81%
Correctly Placed Letter O
78%
Alphabet Letter W
78%
Correctly Placed Letter A
75%
Alphabet Letter P
72%
Alphabet Letter Y
69%
Correctly Placed Letter I
66%
Correctly Placed Letter R
66%
Alphabet Letter J
63%
Correctly Placed Letter T
63%
Found Letter V
63%
Alphabet Letter Z
59%
Correctly Placed Letter I
56%
Alphabet Letter X
56%
Correctly Placed Letter C
53%
Alphabet Letter F
53%
Alphabet Letter Q
53%
Correctly Placed Letter V
53%
Mystery Capital Victoria
50%
No matching quizzes found
Score Distribution
Percent of People with Each Score
Percentile by Number Answered
Your Score History
You have not taken this quiz